banner koha

O trabalho volante na agricultura paulista e sua estacionalidade 1985-93 (Registro n. 142045)

MARC details
000 -LÍDER
campo de controle de tamanho fixo 00842nas a2200277 4500
001 - NÚMERO DE CONTROLE
campo de controle BR9504221
003 - IDENTIFICADOR DO NÚMERO DE CONTROLE
campo de controle BR-BrBNA
005 - DATA E HORÁRIO DA ÚLTIMA TRANSAÇÃO
campo de controle 20231205094108.0
007 - CAMPO FIXO DE DESCRIÇÃO FÍSICA--INFORMAÇÃO GERAL
campo de controle de tamanho fixo ta
008 - CAMPO DE DADOS FIXOS--INFORMAÇÃO GERAL
campo de controle de tamanho fixo 230509b bl.|||p| |||| 00| 00por d
040 ## - FONTE DA CATALOGAÇÃO
Instituição da catalogação original BR-BrBNA
Idioma da catalogação por
Instituição que transcreveu o registro Biblioteca Nacional de Agricultura
041 ## - CÓDIGO DE IDIOMA
Código do idioma do texto/trilha sonora ou título diferente (Pt)
072 ## - CÓDIGO DE CATEGORIA DE ASSUNTO
Código de Categoria de Assunto E12; U10
100 1# - ENTRADA PRINCIPAL--NOME PESSOAL
Nome pessoal Baptistella, C. da S.L.
100 1# - ENTRADA PRINCIPAL--NOME PESSOAL
Nome pessoal Vicente, M.C.M.
100 1# - ENTRADA PRINCIPAL--NOME PESSOAL
Nome pessoal Francisco, V.L.F. dos S.
100 1# - ENTRADA PRINCIPAL--NOME PESSOAL
Nome pessoal Pino, F.A.
245 1# - TÍTULO
Título O trabalho volante na agricultura paulista e sua estacionalidade 1985-93
650 ## - ASSUNTO--TERMO TÓPICO
Cabeçalho tópico ou nome geográfico Trabalho Temporario
650 ## - ASSUNTO--TERMO TÓPICO
Cabeçalho tópico ou nome geográfico Espectrometria
650 ## - ASSUNTO--TERMO TÓPICO
Cabeçalho tópico ou nome geográfico Modelo Matematico
650 ## - ASSUNTO--TERMO TÓPICO
Cabeçalho tópico ou nome geográfico Sao Paulo
773 0# - ENTRADA ANALÍTICA
Título Agricultura em Sao Paulo (Brazil)
ISSN - International Standard Serial Number ISSN 0044-6793
Partes relacionadas (1994), v. 41(3) p. 61-83
Número de controle do registro BR9504221
909 ## -
-- 202311
-- Lúcia
-- 55
-- Lúcia Elande
942 ## - ELEMENTOS DE ENTRADA ADICIONADOS (KOHA)
Fonte da classificação ou esquema de arquivamento na estante Classificação AGRIS
Ocultar no OPAC Não
Tipo de material Koha Analítica
Exemplares
Situação do descarte Fonte da classificação ou esquema de arquivamento na estante Situação física Não pode ser emprestado Biblioteca de origem Biblioteca atual Localização na estante Enumeração do periódico / cronologia Total de empréstimos Data de último acesso Número do exemplar Tipo de material Koha Fonte de aquisição
  Classificação AGRIS   Consulta local Biblioteca Nacional de Agricultura - Binagri Biblioteca Nacional de Agricultura - Binagri   (1994), v. 41(3) p. 61-83   29/11/2023 01 Periódicos Portaria Interministerial nº 164/94

BINAGRI

Telefone: (61)3218-2567/2388/3357/2097 - binagri@agro.gov.br

Ministério da Agricultura e Pecuária , Esplanada dos Ministérios, Bloco D, Anexo B, Brasília/DF, CEP: 70.043-900